000 00555nam a22001817a 4500
005 20150626115607.0
010 _aENG-113025
020 _a9789350355213
_c225.00
035 _aEN-96557
037 _bDBAD/PUB
082 _a340
100 _aVij, Niharika
245 _aLaw & technology /
_cby Niharika Vij ; foreworded by Lalit Bhasin
260 _aNew Delhi
_bUniversal Law Publishing
_c2015
270 _aA-58, G.T. Karnal Road Industrial Area
_bNew Delhi
_e110033
300 _axvii,124p.
_c24cm(pbk)
942 _2ddc
_cEN
_mVIJ
_h340
999 _c93551
_d93551